Ч. 2; Основы организации управления интеллектуальной собственностью на предприятии

Bibliographic Details
Parent link:Основы организации управления интеллектуальной собственностью на предприятии: в 2 ч./ Б. Б. Леонтьев, Х. А. Мамаджанов. Ч. 2.— , 2011
Summary:Интеллектуальная собственность является основой современного высокотехнологичного предприятия. Основным капиталом современного высокотехнологичного бизнеса, выполняющим системообразующую функцию, является интеллектуальный капитал. В настоящем издании раскрываются актуальные вопросы лицензирования, стоимостной оценки исключительных прав на объекты интеллектуальной собственности, выплаты авторских вознаграждений, проведения аудита интеллектуальной собственности. Изложены состав и структура интеллектуального капитала современного высокотехнологичного бизнеса, основы идентификации нематериальных активов как составной части имущественного комплекса высокотехнологичного предприятия, показана методика формирования и функционирования системы возвратного капитала на базе коммерциализации интеллектуальной собственности, даны комментарии к разработанному экспертами ВОИС Руководству по разработке стратегии в области интеллектуальной собственности в странах с переходной экономикой.
Language:Russian
Published: 2011
Subjects:
Format: MixedMaterials Book
KOHA link:https://koha.lib.tpu.ru/cgi-bin/koha/opac-detail.pl?biblionumber=260672

MARC

LEADER 00000nam2a2200000 4500
001 260672
005 20231101233511.0
010 |a 9785918080580 
035 |a (RuTPU)RU\TPU\book\283640 
090 |a 260672 
100 |a 20140516d2011 k y0rusy50 ca 
101 0 |a rus 
102 |a RU 
105 |a a z 001zy 
200 0 |a Ч. 2 
210 |d 2011 
215 |a 208 с.  |c ил. 
320 |a Библиогр.: с. 206-207. 
330 |a Интеллектуальная собственность является основой современного высокотехнологичного предприятия. Основным капиталом современного высокотехнологичного бизнеса, выполняющим системообразующую функцию, является интеллектуальный капитал. В настоящем издании раскрываются актуальные вопросы лицензирования, стоимостной оценки исключительных прав на объекты интеллектуальной собственности, выплаты авторских вознаграждений, проведения аудита интеллектуальной собственности. Изложены состав и структура интеллектуального капитала современного высокотехнологичного бизнеса, основы идентификации нематериальных активов как составной части имущественного комплекса высокотехнологичного предприятия, показана методика формирования и функционирования системы возвратного капитала на базе коммерциализации интеллектуальной собственности, даны комментарии к разработанному экспертами ВОИС Руководству по разработке стратегии в области интеллектуальной собственности в странах с переходной экономикой. 
461 1 |0 (RuTPU)RU\TPU\book\292611  |t Основы организации управления интеллектуальной собственностью на предприятии  |o в 2 ч.  |f Б. Б. Леонтьев, Х. А. Мамаджанов  |v Ч. 2  |d 2011 
606 1 |a Предприятия  |x Интеллектуальный капитал  |x Управление  |2 stltpush  |3 (RuTPU)RU\TPU\subj\67735  |9 83427 
610 1 |a интеллектуальная собственность 
610 1 |a управление 
610 1 |a лицензирование 
610 1 |a стоимость 
610 1 |a оценка 
610 1 |a доходность 
610 1 |a затратный подход 
610 1 |a интеллектуальный капитал 
610 1 |a имущественный комплекс 
610 1 |a затратный подход 
610 1 |a рынок 
610 1 |a авторское вознаграждение 
610 1 |a аудит 
610 1 |a защита 
686 |a У9(2)29-2  |v LBC/SL-A  |2 rubbk 
801 1 |a RU  |b 63413507  |c 20140516 
801 2 |a RU  |b 63413507  |c 20150407  |g RCR 
942 |c BK 
959 |a 65/20140409  |d 1  |e 1320,00  |f ЧЗКДП:1